[Event "Ibiza"]
[Site "Ibiza"]
[Date "2006.11.16"]
[Round "5.2"]
[White "Camarena Gimenez, Rufino"]
[Black "Planells Roig, Jose"]
[Result "1-0"]
[WhiteElo "2330"]
[BlackElo "2070"]
[PlyCount "125"]
[EventDate "2006.11.13"]
[EventType "tourn"]
[EventRounds "9"]
[EventCountry "ESP"]
[EventCategory "6"]
[SourceTitle "EXT 2007"]
[Source "ChessBase"]
[SourceDate "2006.11.23"]
[SourceVersion "1"]
[SourceVersionDate "2006.11.23"]
[SourceQuality "1"]

1. Nf3 d6 2. c4 c5 3. d4 cxd4 4. Nxd4 Nc6 5. Nc3 Nf6 6. e4 g6 7. f3 Bg7 8. Be3 0-0 9. Qd2 Bd7 10. Be2 Nxd4 11. Bxd4 Bc6 12. 0-0 Nd7 13. Bf2 a5 14. Rab1 Nc5 15. b3 Qd7 16. a3 Qe6 17. Nd5 Bxd5 18. exd5 Qf6 19. Rfe1 Rfc8 20. Bd1 Rc7 21. Bc2 Kf8 22. Re2 Qc3 23. Qd1 Na6 24. Bb6 Rcc8 25. Re3 Qf6 26. Bxa5 Qd4 27. Kf2 Qh4+ 28. Ke2 Qxh2 29. Qh1 Qg3 30. Be1 Qg5 31. Bh4 Qf4 32. Re4 Qf5 33. Bxe7+ Kg8 34. Qh3 Qxh3 35. gxh3 f5 36. Re3 Be5 37. Bd3 Kf7 38. Bg5 Nc5 39. f4 Bf6 40. Bxf6 Kxf6 41. a4 Re8 42. Bc2 Rxe3+ 43. Kxe3 Re8+ 44. Kf2 Ne4+ 45. Bxe4 Rxe4 46. Kf3 h6 47. h4 g5 48. hxg5+ hxg5 49. fxg5+ Kxg5 50. Rg1+ Kf6 51. Rh1 Kg6 52. Rh8 Kf6 53. Rh7 b5 54. axb5 Re1 55. Rd7 Rb1 56. Rxd6+ Ke5 57. Re6+ Kd4 58. Rc6 Rf1+ 59. Ke2 Rb1 60. d6 Rb2+ 61. Kf3 Ke5 62. d7 Rd2 63. Rc5+ 1-0